Co zabieramy ze sobą gdy chcemy łowić ryby - Statystyki

Ogólne statystyki
  • Ten quiz został rozwiązany 566 razy
  • Średni wynik to 3 z 9
Statystyki odpowiedzi
Odpowiedzi % Poprawnych
Wędkę
79%
Przynętę
58%
Haczyk
57%
Spławik
45%
Wiadro
33%
SIeć
10%
Mydło | Ręcznik
9%
Wagę
4%
Miarkę
3%
Nie znaleziono quizów pasujących do podanych kryteriów
Rozkład punktacji
Procent ludzi z każdym wynikiem
Percentyl według liczby udzielonych odpowiedzi
Twoja historia wyników
Nie rozwiązałeś tego quizu